000 00795nam a22002777a 4500
003 CHAP
005 20220329133958.0
008 971013s1994 r 00010 d
010 _a13535
011 _a14507
035 _a18581
040 _cCHAP
082 _a522
_bM42
110 _aMéxico. Cámara de Diputados
_976872
245 _aMéxico y la astronomía
260 _aMéxico, D.F. :
_bADN,
_c1994
300 _a110 p.
_b: ilus.
590 _aBATCH-UPD
_b10
_c20130110
_lUCH01
_h2108
590 _aBATCH-UPD
_b10
_c20130410
_lUCH01
_h1419
590 _aBATCH-UPD
_b10
_c20130914
_lUCH01
_h0423
590 _aCONVERSION
_b10
_c20130109
_lUCH01
_h1309
650 1 4 _aAstronomía.
_98199
901 _aBK
942 _cLIBRO
949 _a522 M42
_bBC
_cLIBRO
_d-43324
_eLIBRO
_h87061
_i18581
_mD
_si
999 _c13535
_d13535